00701cam a22002051 45000010005000000030008000050050017000130080039000300350018000690400032000870410008001190820024001271000019001512450084001702600035002543000035002895000111003245040032004356500028004675594BD-RjUL20211208234107.0131226s1965 nyua bs 00010 eng a(BD-RjUL)5633 aDLCcDLCdBOSdBD-RjULbeng aeng04223a519.5bTAS 19651 aTate, Merle W.10aStatistics in education and psychology :ba first course /c[by] Merle W. Tate. aNew York :bMacmillan,cc1965. aix, 355 p. :billus. ;c23 cm. a"In part an abridgment and in part a revision of the author's Statistics in education; published in 1955." aBibliography: p. [309]-311. 0aEducational statistics.